MARC details
| 000 -LEADER |
| fixed length control field |
01595nam a2200253 a 4500 |
| 008 - FIXED-LENGTH DATA ELEMENTS--GENERAL INFORMATION |
| fixed length control field |
110902s2001 ||||||||||||||||| || u |
| 020 ## - INTERNATIONAL STANDARD BOOK NUMBER |
| International Standard Book Number |
0306464799 |
| 050 ## - LIBRARY OF CONGRESS CALL NUMBER |
| Classification number |
RA 771 Han |
| 100 ## - MAIN ENTRY--PERSONAL NAME |
| Personal name |
Loue, Sana |
| 245 10 - TITLE STATEMENT |
| Title |
Handbook of rural health |
| Statement of responsibility, etc. |
edited by Sana Loue and Beth E. Quill |
| 260 ## - PUBLICATION, DISTRIBUTION, ETC. |
| Place of publication, distribution, etc. |
New York |
| Name of publisher, distributor, etc. |
Kluwer Academic/ Plenum |
| Date of publication, distribution, etc. |
2001 |
| 300 ## - PHYSICAL DESCRIPTION |
| Extent |
x, 370p.: ill. |
| 350 ## - |
| -- |
0.00 |
| 650 ## - SUBJECT ADDED ENTRY--TOPICAL TERM |
| Topical term or geographic name entry element |
RURAL HEALTH SERVICES--HANDBOOKS, MANUALS, ETC |
| 650 ## - SUBJECT ADDED ENTRY--TOPICAL TERM |
| Topical term or geographic name entry element |
RURAL HEALTH--HANDBOOKS, MANUALS, ETC |
| 650 ## - SUBJECT ADDED ENTRY--TOPICAL TERM |
| Topical term or geographic name entry element |
PUBLIC HEALTH--HANDBOOKS, MANUALS, ETC |
| 650 ## - SUBJECT ADDED ENTRY--TOPICAL TERM |
| Topical term or geographic name entry element |
HEALTH |
| 700 ## - ADDED ENTRY--PERSONAL NAME |
| Personal name |
Quill, Beth E |
| 995 ## - |
| -- |
MICHAEL CHILUFYA SATA OPEN ACCESS |
| -- |
0.00 |
| -- |
900868 |
| -- |
CBU-SCHOOL OF MEDICINE LIBRARY (Ndola) |
| -- |
1 |
| -- |
0.00 |
| -- |
RA 771 HAN |
| -- |
5 |
| -- |
AVAILABLE |
| -- |
Oct 19, 2011 |
| -- |
900868 |
| -- |
Medical Library Open Access Collection |
| 995 ## - |
| -- |
MICHAEL CHILUFYA SATA OPEN ACCESS |
| -- |
0.00 |
| -- |
900865 |
| -- |
CBU-SCHOOL OF MEDICINE LIBRARY (Ndola) |
| -- |
1 |
| -- |
0.00 |
| -- |
RA 771 HAN |
| -- |
2 |
| -- |
AVAILABLE |
| -- |
Oct 19, 2011 |
| -- |
900865 |
| -- |
Medical Library Open Access Collection |
| 995 ## - |
| -- |
MICHAEL CHILUFYA SATA OPEN ACCESS |
| -- |
0.00 |
| -- |
900864 |
| -- |
CBU-SCHOOL OF MEDICINE LIBRARY (Ndola) |
| -- |
1 |
| -- |
0.00 |
| -- |
RA 771 HAN |
| -- |
1 |
| -- |
AVAILABLE |
| -- |
Oct 19, 2011 |
| -- |
900864 |
| -- |
Medical Library Open Access Collection |
| 995 ## - |
| -- |
MEDICAL LIBRARY OPEN ACCESS |
| -- |
0.00 |
| -- |
900867 |
| -- |
CBU-SCHOOL OF MEDICINE LIBRARY (Ndola) |
| -- |
1 |
| -- |
0.00 |
| -- |
RA 771 HAN |
| -- |
4 |
| -- |
AVAILABLE |
| -- |
Oct 19, 2011 |
| -- |
900867 |
| -- |
Medical Library Open Access Collection |
| 995 ## - |
| -- |
MEDICAL LIBRARY OPEN ACCESS |
| -- |
0.00 |
| -- |
900866 |
| -- |
CBU-SCHOOL OF MEDICINE LIBRARY (Ndola) |
| -- |
1 |
| -- |
0.00 |
| -- |
RA 771 HAN |
| -- |
3 |
| -- |
AVAILABLE |
| -- |
Oct 19, 2011 |
| -- |
900866 |
| -- |
Medical Library Open Access Collection |
| 999 ## - |
| -- |
63937 |
| -- |
63937 |